000 00893nam a2200265 i 4500
003 DO-SdBNP
005 20250401145224.0
007 ta
008 250401t2011 dr c 000 0 spa d
040 _aDO-SdBNP
_bspa
_cBNPHU
_erda
082 _axxxx
_bR373
_222
100 1 _aReinoso, Pura
_eautora
_4aut.
_920604
245 1 3 _aGuía instruccional para el desarrollo de las competencias en :
_bOrientación universitaria /
_cPura Reinoso
264 _aSanto Domingo :
_bUNNATEC,
_c2011.
300 _a113 páginas
_bretratos
_c28 cm.
336 _atexto
_btxt
_2rdacontent
337 _asin mediación
_bn
_2rdamedia
338 _avolumen
_bnc
_2rdacarrier
500 _aLíder Nacional de la Educación Virtual.
504 _aBibliografía p: 113
590 _aInventariado, 2025/ YL
710 1 _aUniversidad Nacional Tecnológica (UNNATEC)
_987296
910 _aYLockward
942 _2ddc
_cLBS1
999 _c58549
_d58549